| 000 | 00777nam a22002537a 4500 | ||
|---|---|---|---|
| 003 | dpl | ||
| 005 | 20180808161334.0 | ||
| 008 | 180808b xxu||||| |||| 00| 0 eng d | ||
| 010 | _aA-999299 | ||
| 020 |
_c95.00 _a8120316177 |
||
| 035 | _aA-999299, A-999302 | ||
| 037 | _bCen Lib/Ret | ||
| 040 |
_aDPL _bEN _c0 |
||
| 082 |
_a003 _bGAR |
||
| 100 |
_aGarg, Vinod Kumar _936733 |
||
| 245 |
_aWorkbook on systems analysis and design / _cby Vinod Kumar Garg |
||
| 260 |
_aNew Delhi _bPrentice Hall _c2000 |
||
| 270 |
_aM-97, Connaught Circus _bNew Delhi _e110001 |
||
| 300 |
_axii,168p. _c22cm(Hb) |
||
| 500 | _aIncludes glossary reference and index | ||
| 650 |
_aSystem design _915560 |
||
| 650 |
_aSystem analysis _915673 |
||
| 942 |
_2ddc _cEN _h003 _mGAR |
||
| 999 |
_c133073 _d133073 |
||